| 000 | 00587nam a2200193 i 4500 | ||
|---|---|---|---|
| 001 | 59064 | ||
| 003 | ES-MaACL | ||
| 005 | 20230906163943.0 | ||
| 007 | t| | ||
| 008 | 031027s1965 xxu ||||1| eng d | ||
| 100 | 1 |
_aEdminister, Joseph A. _946644 |
|
| 245 | 1 | 0 |
_aTheory and problems of electries circuito / _cby Josep A. Edminister. |
| 260 |
_aNew York, etc. : _bMcGraw-Hill Book Co., _c1965. |
||
| 300 |
_a289 p. : _bil. ; _c28 cm. |
||
| 490 | 1 | _aSchaum's Outline Series | |
| 830 | 0 |
_aSchaum's Outline Series _9181149 |
|
| 852 |
_aES-MaACL _jC-35665 _bR.69161 |
||
| 999 |
_c59064 _d59064 |
||